Statistics for Alec Benjamin - The Book of You & I Lyrics

Click here to take the quiz!

General Stats

  • This quiz has been taken 174 times
  • The average score is 346 of 402

Answer Stats

Lyric% Correct
a
100%
i
100%
of
100%
the
100%
and
99%
book
99%
it
99%
you
99%
all
97%
that
97%
we
97%
so
96%
my
94%
but
93%
car
93%
me
93%
her
92%
in
92%
it's
92%
just
92%
over
92%
to
92%
was
92%
don't
91%
for
91%
tell
91%
never
90%
beg
89%
dinner
89%
fell
89%
hard
89%
love
89%
sixteen
89%
back
88%
began
88%
cereal
88%
got
88%
when
88%
up
87%
where
87%
like
86%
name
86%
night
86%
out
86%
favorite
85%
now
85%
staying
85%
write
85%
chapters
84%
erased
84%
lines
84%
scribbled
84%
page
83%
how
82%
many
82%
started
82%
were
82%
remember
80%
there
80%
well
80%
finish
79%
looked
79%
say
79%
went
79%
you've
79%
heart
78%
by
77%
felt
77%
im
77%
i'm
77%
took
77%
why
77%
apart
76%
could
76%
i'll
75%
knew
75%
pages
75%
reason
75%
she
75%
years
75%
distant
74%
dry
74%
pieces
74%
then
74%
bits
73%
from
72%
missing
72%
ran
71%
wonder
71%
growing
69%
shifting
69%
wrote
69%
forever
68%
held
68%
didn't
64%
shifted
64%
about
63%
pen
63%
wish
63%
you're
63%
give
62%
had
62%
gave
61%
things
59%
turned
59%
is
58%
you'd
57%
stayed
56%
grown
54%
bought
53%
feel
52%
belly
51%
hurts
51%
leaving
51%
try
51%
one
49%
said
49%
same
49%
time
49%
last
48%
will
48%
done
47%
maybe
47%
okay
46%
beating
45%
hate
45%
hardly
41%
right
41%

Score Distribution

Percentile by Number Answered

Percent of People with Each Score

Your Score History

You have not taken this quiz